[Event "Druzynowe Mistrzostwa Polski - II liga"]
[Site "Sypniewo k. Jastrowia"]
[Date "1899-12-30"]
[Round "3.74"]
[White "Golenia, Wojciech"]
[Black "Miasik, Adrian"]
[Result "1-0"]
[WhiteTitle "k"]
[BlackTitle "I++"]
[WhiteElo "2049"]
[BlackElo "1948"]

1. e4 d6 2. d4 Nf6 3. Nc3 Nbd7 4. Nf3 e5 5. Bc4 Be7 6. O-O c6 7. a4 Qc7 8. Ba2
h6 9. a5 O-O 10. d5 cxd5 11. Bxd5 Nc5 12. Qe2 Be6 13. Rd1 Nxd5 14. Nxd5 Bxd5 15.
Rxd5 Nd7 16. c4 Nf6 17. Rd1 Qc6 18. Re1 Nd7 19. Bd2 Rac8 20. b3 Nc5 21. Rab1 Ne6
22. Qd3 Nc5 23. Qc2 Ne6 24. Bb4 Rfe8 25. Rbd1 b5 26. axb6 axb6 27. Qd3 Nc5 28.
Bxc5 bxc5 29. Nd2 Rb8 30. Nb1 Rb7 31. Na3 Reb8 32. Nb5 Rxb5 33. cxb5 Qxb5 34.
Qxb5 Rxb5 35. Re3 Kf8 36. Kf1 Rb4 37. Ra1 Bd8 38. Ra4 Rb7 39. Rd3 Ke7 40. Ra6
Bc7 41. Ke2 h5 42. Kd2 Ke6 43. Kc2 Rb4 44. Ra4 Rb7 45. Rc3 Bd8 46. Ra6 Be7 47.
Rxc5 f5 48. f3 g5 49. Rc8 g4 50. Rh8 gxf3 51. gxf3 fxe4 52. fxe4 h4 53. Rc8 Rb4
54. Rc4 Rb8 55. b4 Rf8 56. Kb3 Rf2 57. Ra2 Rf3+ 58. Rc3 Rf4 59. Re2 d5 60. Rce3
d4 61. Rd3 Rf8 62. Rb2 Rf4 63. Re2 Rf8 64. Ra2 Rf4 65. Ra6+ Bd6 66. b5 Rxe4 67.
b6 Re1 68. Rd2 Rf1 69. b7 Rf8 70. Ra8 Rf3+ 71. Kb2 Rf7 72. b8=Q Bxb8 73. Rxb8
Rf5 74. Rd8 Rf3 75. Kc2 Ra3 76. Kd1 Kf5 77. Rf8+ Ke4 78. Re2+ Kd5 79. Rd8+ Kc4
80. Rxe5 Ra1+ 81. Ke2 Ra2+ 82. Ke1 Kd3 83. h3 Rh2 84. Red5 Ke3 85. Re8+ Kd3 86.
Red8 Ke3 87. Kd1 Rxh3 88. Rxd4 Rh1+ 89. Kc2 h3 90. Rd3+ Kf2 91. Rd2+ Kg3 92. R8d3+
Kg4 93. Rc3 h2 94. Rd4+ Kf5 95. Rh4 Ra1 96. Rch3 h1=Q 97. Rxh1 Rxh1 98. Rxh1 1-0

[Event "Druzynowe Mistrzostwa Polski - II liga"]
[Site "Sypniewo k. Jastrowia"]
[Date "1899-12-30"]
[Round "3.75"]
[White "Babiarz, Arkadiusz"]
[Black "Krawczyk, Wojciech"]
[Result "1/2-1/2"]
[WhiteTitle "I++"]
[BlackTitle "I++"]
[WhiteElo "2000"]
[BlackElo "2049"]

1. e4 c6 2. Nf3 d5 3. d3 Bg4 4. h3 Bh5 5. Nbd2 e6 6. Be2 Nf6 7. O-O Be7 8. Re1
Qc7 9. e5 Nfd7 10. d4 c5 11. c3 Nc6 12. Nf1 cxd4 13. cxd4 Qb6 14. g4 Bg6 15. Qa4
Qb4 16. Bb5 Qxa4 17. Bxa4 Nb6 18. Bxc6+ bxc6 19. b3 c5 20. dxc5 Bxc5 21. Be3 Ba3
22. Bc1 Bb4 23. Bd2 Ba3 24. Bc1 Bb4 25. Bd2 Ba3 26. Bc1 1/2-1/2

[Event "Druzynowe Mistrzostwa Polski - II liga"]
[Site "Sypniewo k. Jastrowia"]
[Date "1899-12-30"]
[Round "3.76"]
[White "Gawor, Jan Pawel"]
[Black "Ciasnocha, Michal"]
[Result "1/2-1/2"]
[WhiteTitle "I+"]
[BlackTitle "I++"]
[WhiteElo "1890"]
[BlackElo "1893"]

1. e4 e5 2. d4 exd4 3. c3 d5 4. exd5 Nf6 5. Bb5+ Bd7 6. Bc4 dxc3 7. Nxc3 Bc5 8.
Nge2 Ng4 9. Ne4 Nxf2 10. Nxf2 Bxf2+ 11. Kxf2 Qh4+ 12. Ng3 Qxc4 13. Re1+ Kd8 14.
Bg5+ f6 15. Rc1 Qxa2 16. Qc2 Na6 17. d6 c6 1/2-1/2

[Event "Druzynowe Mistrzostwa Polski - II liga"]
[Site "Sypniewo k. Jastrowia"]
[Date "1899-12-30"]
[Round "3.77"]
[White "Wasik, Roman"]
[Black "Wrona, Florian"]
[Result "0-1"]
[WhiteTitle "I"]
[BlackTitle "I+"]
[WhiteElo "1355"]
[BlackElo "1581"]

1. Nf3 c5 2. c4 Nc6 3. d4 cxd4 4. Nxd4 g6 5. e4 Bg7 6. Nc2 Nf6 7. Nc3 O-O 8. Be2
d6 9. O-O Be6 10. Ne3 Nd7 11. Ned5 Nd4 12. Bg5 Nxe2+ 13. Qxe2 Bxd5 14. exd5 Bxc3
15. bxc3 Nf6 16. Rab1 Qd7 17. h3 b6 18. Qf3 Nh5 19. Qe4 f6 20. Bh6 Rfe8 21. Rbe1
Ng7 22. f4 Nf5 23. Qe6+ Qxe6 24. Rxe6 Nxh6 25. Rfe1 Kf7 26. g4 Rac8 27. g5 fxg5
28. fxg5 Nf5 29. R1e4 Rc5 30. Rf4 Rec8 31. Ree4 Ra5 32. Rf2 Ra4 33. Rff4 Rxa2
34. h4 Rc2 35. Rf3 Rc5 36. h5 Ra5 37. Rf1 Raa2 38. Rh4 Rg2+ 39. Kh1 Kg8 40. Rxf5
gxf5 41. g6 Rgd2 0-1

[Event "Druzynowe Mistrzostwa Polski - II liga"]
[Site "Sypniewo k. Jastrowia"]
[Date "1899-12-30"]
[Round "3.78"]
[White "Czarnecka, Lidia"]
[Black "Polak, Sylwia"]
[Result "1-0"]
[WhiteTitle "k"]
[BlackTitle "I++"]
[WhiteElo "1889"]
[BlackElo "1481"]

1. e4 e6 2. d4 d5 3. e5 c5 4. Qg4 cxd4 5. Nf3 Nc6 6. Bd3 h5 7. Qf4 Nh6 8. O-O Nb4
9. Nxd4 Nxd3 10. cxd3 Bd7 11. Nc3 a6 12. Bd2 Rc8 13. Rfe1 Bc5 14. Nb3 Be7 15.
Qf3 Nf5 16. Ne2 Qb6 17. Rac1 Bc6 18. d4 g5 19. Ng3 Ng7 20. Rc2 Qb5 21. Na5 Qa4
22. Qd3 O-O 23. Nxc6 Rxc6 24. Rxc6 bxc6 25. a3 Rb8 26. b4 a5 27. bxa5 Rb3 28.
Qc2 Rxa3 29. Qxa4 Rxa4 30. Ne2 Nf5 31. Bc3 c5 32. Ra1 Rxa1+ 33. Bxa1 cxd4 34.
Bxd4 1-0

[Event "Druzynowe Mistrzostwa Polski - II liga"]
[Site "Sypniewo k. Jastrowia"]
[Date "1899-12-30"]
[Round "3.79"]
[White "Kowalak, Piotr"]
[Black "Jozwicki, Jakub"]
[Result "1/2-1/2"]
[WhiteTitle "k"]
[BlackTitle "m"]
[WhiteElo "2096"]
[BlackElo "2283"]

1. e4 c5 2. Nf3 e6 3. d4 cxd4 4. Nxd4 a6 5. g3 Nf6 6. Bg2 Nc6 7. O-O Be7 8. Re1
Qc7 9. Nxc6 dxc6 10. e5 Nd7 11. Qg4 g6 12. Qe2 b5 13. a4 Bb7 14. b3 O-O 15. Bb2
c5 16. axb5 Bxg2 17. Kxg2 Qb7+ 18. Qf3 Qxf3+ 19. Kxf3 axb5 20. Nd2 Nb6 21. Rxa8
Rxa8 22. Ra1 Rxa1 23. Bxa1 Kf8 24. Ke4 Ke8 25. c4 bxc4 26. bxc4 Bd8 27. Kd3 Kd7
28. Ne4 Kc6 29. Bb2 Nd7 30. Bc3 Be7 31. f4 h5 32. Ke2 Nf8 33. Kd3 Nh7 34. Bd2
Kb6 35. h4 Kc6 36. Bc3 Nf8 37. Ke2 Nd7 38. Kd3 Nb8 39. Kc2 Na6 40. Kb3 Nc7 41.
Ka4 Ne8 42. Kb3 Ng7 43. Kc2 Nf5 44. Kd3 Kb6 45. Ke2 Kc6 46. Kd3 Bd8 47. Ke2 Be7
1/2-1/2

[Event "Druzynowe Mistrzostwa Polski - II liga"]
[Site "Sypniewo k. Jastrowia"]
[Date "1899-12-30"]
[Round "3.80"]
[White "Borgula, Rafal"]
[Black "Kolodziejski, Piotr"]
[Result "1/2-1/2"]
[WhiteTitle "FM"]
[BlackTitle "I+"]
[WhiteElo "2223"]
[BlackElo "2048"]

1. d4 Nf6 2. c4 e6 3. Nf3 b6 4. g3 Ba6 5. Qa4 c5 6. Bg2 Bb7 7. dxc5 Bxc5 8. O-O
O-O 9. Nc3 Qe7 10. Bf4 d5 11. cxd5 Nxd5 12. Nxd5 Bxd5 13. Be5 Nd7 14. Bc3 a6 15.
Rfd1 b5 16. Qf4 Nf6 17. Bxf6 Qxf6 18. Qxf6 gxf6 19. Ne1 Bxg2 20. Kxg2 Rfd8 21.
Nd3 Bd6 22. Rac1 Rac8 23. Ne1 Bf8 24. Rxd8 Rxc1 25. Nd3 Rc2 26. Kf3 Kg7 27. Ra8
Rc6 28. Ke3 Bd6 29. Kd2 f5 30. f4 f6 31. Re8 Kf7 32. Rh8 Kg7 33. Re8 Kf7 1/2-1/2

[Event "Druzynowe Mistrzostwa Polski - II liga"]
[Site "Sypniewo k. Jastrowia"]
[Date "1899-12-30"]
[Round "3.81"]
[White "Komendecki, Jacek"]
[Black "Paprocki, Jaroslaw"]
[Result "1/2-1/2"]
[WhiteTitle "k"]
[BlackTitle "k++"]
[WhiteElo "1981"]
[BlackElo "2186"]

1. e4 e5 2. Nf3 Nc6 3. d4 exd4 4. Nxd4 Nf6 5. Nc3 Bb4 6. Nxc6 bxc6 7. Bd3 d5 8.
exd5 O-O 9. O-O cxd5 10. Bg5 c6 11. Na4 Bd6 12. c3 h6 13. Bh4 Re8 14. Bc2 Ba6
15. Bxf6 Qxf6 16. Re1 Re5 17. Qd4 Rae8 18. Rxe5 Qxe5 19. g3 Qe7 20. Rd1 Qe2 21.
Qd2 Qxd2 22. Rxd2 Re1+ 23. Kg2 Bf1+ 24. Kf3 Re6 25. Bd3 Rf6+ 26. Ke3 Re6+ 27.
Kd4 Be5+ 28. Kc5 Bd6+ 29. Kd4 Be5+ 30. Kc5 Bd6+ 1/2-1/2

[Event "Druzynowe Mistrzostwa Polski - II liga"]
[Site "Sypniewo k. Jastrowia"]
[Date "1899-12-30"]
[Round "3.82"]
[White "Wolanski, Michal"]
[Black "Komendecki, Antoni"]
[Result "0-1"]
[WhiteTitle "I++"]
[BlackTitle "I++"]
[WhiteElo "2029"]
[BlackElo "1845"]

1. c4 e5 2. g3 Nf6 3. Bg2 c6 4. Nf3 e4 5. Nd4 d5 6. cxd5 Qxd5 7. Nc2 Qh5 8. h3
Bd6 9. Nc3 Qg6 10. d3 exd3 11. Qxd3 Qxd3 12. exd3 h6 13. O-O O-O 14. Ne4 Nxe4
15. dxe4 f5 16. exf5 Bxf5 17. Nd4 Bc5 18. Nxf5 Rxf5 19. Be4 Rf6 20. Bd2 Na6 21.
Bc3 Rd6 22. Rad1 Rad8 23. Rxd6 Rxd6 24. Re1 Nc7 25. Be5 Rd2 26. Rc1 Bxf2+ 27.
Kf1 Bb6 28. Rc2 Rd7 29. Bg6 Nd5 30. Bf4 Bc7 31. Re2 Ne7 32. Bxc7 Nxg6 33. Ba5
Ne7 34. Bc3 Nd5 35. Be5 Re7 36. Bb8 Rxe2 37. Kxe2 a6 38. Be5 Kf7 39. Kd3 g6 40.
Ke4 Ke6 41. g4 Nf6+ 42. Bxf6 Kxf6 43. a4 Kg5 44. Ke5 Kh4 45. Kf6 g5 46. Kg6 Kxh3
47. Kh5 b5 0-1

[Event "Druzynowe Mistrzostwa Polski - II liga"]
[Site "Sypniewo k. Jastrowia"]
[Date "1899-12-30"]
[Round "3.83"]
[White "Lewandowski, Wiktor"]
[Black "Przybylski, Bartosz"]
[Result "1/2-1/2"]
[WhiteTitle "I"]
[BlackTitle "I"]
[WhiteElo "1812"]
[BlackElo "1667"]

1. e4 c5 2. Nf3 e6 3. d4 cxd4 4. Nxd4 Nf6 5. Nc3 Bb4 6. e5 Nd5 7. Nb5 a6 8. Nd6+
Bxd6 9. exd6 Nxc3 10. bxc3 Qa5 11. Bb2 b5 12. Be2 Bb7 13. O-O O-O 14. c4 bxc4
15. Bxc4 Qg5 16. f3 Nc6 17. Bd3 Nb4 18. Kh1 Nxd3 19. Qxd3 Bc6 20. c4 Rab8 21.
Bd4 Rfe8 22. Rab1 Rxb1 23. Rxb1 e5 24. Be3 Qg6 25. Qxg6 hxg6 26. Rb6 Ra8 1/2-1/2

[Event "Druzynowe Mistrzostwa Polski - II liga"]
[Site "Sypniewo k. Jastrowia"]
[Date "1899-12-30"]
[Round "3.84"]
[White "Paprocka, Renata"]
[Black "Lisowska, Olga"]
[Result "1-0"]
[WhiteTitle "WFM"]
[BlackTitle "I"]
[WhiteElo "1914"]
[BlackElo "1753"]

1. d4 d5 2. Nf3 Nf6 3. c4 e6 4. Nc3 c6 5. Bg5 Nbd7 6. e3 Qa5 7. Nd2 dxc4 8. Bxf6
Nxf6 9. Nxc4 Qc7 10. Be2 Be7 11. O-O O-O 12. Rc1 Bd7 13. Ne5 Rac8 14. a3 Rfd8
15. b4 Qb8 16. Qb3 Be8 17. f4 Nd5 18. Nxd5 exd5 19. Bg4 Rc7 20. Qd3 f6 21. Be6+
Kh8 22. Nf3 Bg6 23. Qe2 Re8 24. Nh4 Bxb4 25. Nxg6+ hxg6 26. Qg4 Rxe6 27. Qh3+
Kg8 28. Qxe6+ Kf8 29. axb4 Re7 30. Qh3 Qd6 31. b5 cxb5 32. Rc8+ Kf7 33. Qh8 1-0

[Event "Druzynowe Mistrzostwa Polski - II liga"]
[Site "Sypniewo k. Jastrowia"]
[Date "1899-12-30"]
[Round "3.85"]
[White "Wesolowski, Edgar"]
[Black "Polok, Kacper"]
[Result "0-1"]
[WhiteTitle "I++"]
[BlackTitle "FM"]
[WhiteElo "1951"]
[BlackElo "2245"]

1. c4 e6 2. e4 d5 3. cxd5 exd5 4. exd5 Nf6 5. Nc3 Be7 6. Bc4 O-O 7. Nge2 Nbd7 8.
Nf4 Bd6 9. d3 Re8+ 10. Nce2 Qe7 11. Kf1 Ne5 12. Ng3 Nfg4 13. h3 Nxf2 14. Kxf2
Qh4 15. Re1 Bg4 16. Qc2 g5 17. Ne2 Bxe2 18. Qxe2 Nxc4 19. Qxe8+ Rxe8 20. Rxe8+
Kg7 21. dxc4 Qxg3+ 22. Kg1 g4 23. Bd2 gxh3 24. Bc3+ f6 25. Re2 Qh2+ 0-1

[Event "Druzynowe Mistrzostwa Polski - II liga"]
[Site "Sypniewo k. Jastrowia"]
[Date "1899-12-30"]
[Round "3.86"]
[White "Jaworski, Miroslaw"]
[Black "Mierzynski, Jaroslaw"]
[Result "1-0"]
[WhiteTitle "IM"]
[BlackTitle "I+"]
[WhiteElo "2185"]
[BlackElo "1922"]

1. d4 e6 2. Nf3 b6 3. g3 Bb7 4. Bg2 f5 5. O-O Nf6 6. c4 Be7 7. Nc3 O-O 8. Bd2 Ne4
9. d5 Bf6 10. Rc1 Na6 11. Ne1 Nac5 12. b4 Nxc3 13. Bxc3 Ne4 14. Bxf6 Nxf6 15.
Qd3 Qe8 16. dxe6 Bxg2 17. exd7 Qe7 18. Nxg2 Rad8 19. c5 Rxd7 20. Qc4+ Kh8 21.
Ne3 Ne4 22. Rfd1 Rxd1+ 23. Rxd1 bxc5 24. bxc5 c6 25. Nxf5 Rxf5 26. Qxe4 1-0

[Event "Druzynowe Mistrzostwa Polski - II liga"]
[Site "Sypniewo k. Jastrowia"]
[Date "1899-12-30"]
[Round "3.87"]
[White "Kowalewicz, Kacper"]
[Black "Wieczorek, Zbigniew"]
[Result "1/2-1/2"]
[WhiteTitle "I+"]
[BlackTitle "FM"]
[WhiteElo "1831"]
[BlackElo "2185"]

1. Nf3 Nf6 2. g3 d5 3. Bg2 c6 4. O-O Bg4 5. d3 Nbd7 6. Nbd2 e5 7. e4 dxe4 8. dxe4
Be7 9. c3 O-O 10. Qc2 b5 11. Re1 Ne8 12. Nf1 Be6 13. Ne3 g6 14. a4 a6 15. Rd1
f6 16. c4 b4 17. b3 Qc7 18. Bb2 Bc5 19. Bc1 Nd6 20. Ra2 Nb7 21. Ne1 a5 22. Kh1
Rad8 23. Nd3 Bd4 24. f4 Ndc5 25. Nxc5 Nxc5 26. f5 Bc8 27. Ng4 Rd6 28. Bh6 Rfd8
29. Rf1 Kh8 30. h3 gxf5 31. exf5 Rg8 32. Kh2 Ba6 33. Qb1 Qf7 34. Rc2 Bc8 35. Bd2
Rgd8 36. Kh1 Qh5 37. Nh6 R8d7 38. Bc1 Ne4 39. Kh2 Nc3 40. Qa1 Ne2 41. Qb1 Nc3
42. Qa1 Ne2 43. Qb1 Bg1+ 44. Kh1 Bd4 1/2-1/2

[Event "Druzynowe Mistrzostwa Polski - II liga"]
[Site "Sypniewo k. Jastrowia"]
[Date "1899-12-30"]
[Round "3.88"]
[White "Helis, Tadeusz"]
[Black "Wawrzyniak, Pawel"]
[Result "1-0"]
[WhiteTitle "FM"]
[BlackTitle "I"]
[WhiteElo "2095"]
[BlackElo "1764"]

1. Nf3 Nf6 2. c4 e6 3. g3 d5 4. Bg2 Be7 5. O-O O-O 6. b3 b6 7. Bb2 Bb7 8. e3 c5
9. Nc3 Nc6 10. cxd5 exd5 11. d4 Rc8 12. Rc1 Qd6 13. Nh4 cxd4 14. Nf5 Qd7 15. Nxe7+
Nxe7 16. Qxd4 Rfd8 17. Rfd1 h6 18. Rd2 Qe6 19. Rcd1 Rd7 20. Ne2 Rcd8 21. Nf4 Qf5
22. Bh3 Qe4 23. Bxd7 Rxd7 24. Qxe4 Nxe4 25. Rc2 Ng5 26. h4 Nf3+ 27. Kf1 g5 28.
hxg5 hxg5 29. Nh5 Kf8 30. Bg7+ 1-0

[Event "Druzynowe Mistrzostwa Polski - II liga"]
[Site "Sypniewo k. Jastrowia"]
[Date "1899-12-30"]
[Round "3.89"]
[White "Rusinski, Mateusz"]
[Black "Malinowski, Damian"]
[Result "0-1"]
[WhiteTitle "I"]
[BlackTitle "I++"]
[WhiteElo "1751"]
[BlackElo "2012"]

1. e4 c6 2. d4 d5 3. exd5 cxd5 4. Nf3 Nf6 5. c3 Nc6 6. Bf4 Qb6 7. Qb3 Qxb3 8. axb3
Nh5 9. Be3 Bd7 10. Nbd2 e6 11. Be2 Nf6 12. O-O Bd6 13. b4 O-O 14. Ra2 a6 15. Rfa1
Rad8 16. b5 axb5 17. Bxb5 h6 18. h3 Ne4 19. Nxe4 dxe4 20. Nd2 f5 21. Nb3 g5 22.
Bxc6 Bxc6 23. Na5 f4 24. Nxc6 bxc6 25. Bc1 e5 26. Ra4 exd4 27. Rxd4 Bc5 28. Rxd8
Rxd8 29. Kf1 f3 30. gxf3 exf3 31. Be3 Bxe3 32. fxe3 Rd2 33. b4 Rh2 34. Ra6 Rxh3
35. Rxc6 Kg7 36. Rc4 h5 37. b5 g4 38. Rf4 Rh1+ 39. Kf2 Rh2+ 40. Kf1 Rb2 41. Rb4
Rc2 42. b6 g3 43. Rb1 Rh2 0-1

[Event "Druzynowe Mistrzostwa Polski - II liga"]
[Site "Sypniewo k. Jastrowia"]
[Date "1899-12-30"]
[Round "3.90"]
[White "Suchanek, Paulina"]
[Black "Leszner, Liliana"]
[Result "1/2-1/2"]
[WhiteTitle "I"]
[BlackTitle "WIM"]
[WhiteElo "1547"]
[BlackElo "1889"]

1. d4 Nf6 2. c4 d6 3. Nc3 c6 4. e4 Nbd7 5. Nge2 e5 6. d5 Nc5 7. Ng3 a5 8. a4 Qb6
9. Ra3 Ng4 10. Qc2 h5 11. h3 Nf6 12. Be2 h4 13. Nf1 g6 14. Nd2 Bh6 15. Bf3 Na6
16. Na2 Nd7 17. Nb3 Bxc1 18. Nbxc1 Nb4 19. Qd2 Qd4 20. Qxd4 Nc2+ 21. Kd2 Nxd4
22. Ne2 Nxe2 23. Bxe2 1/2-1/2

[Event "Druzynowe Mistrzostwa Polski - II liga"]
[Site "Sypniewo k. Jastrowia"]
[Date "1899-12-30"]
[Round "3.91"]
[White "Chomczyk, Marek"]
[Black "Simon, Marek"]
[Result "1-0"]
[WhiteTitle "k++"]
[BlackTitle "I+"]
[WhiteElo "2260"]
[BlackElo "1849"]

1. e4 d5 2. exd5 Qxd5 3. Nf3 Bg4 4. Nc3 Qe6+ 5. Be2 Bxf3 6. gxf3 Nc6 7. d4 O-O-O
8. d5 Qg6 9. Be3 Nb4 10. Rc1 e6 11. Qd4 c5 12. Qf4 Nxd5 13. Nxd5 exd5 14. Bd3
Bd6 15. Bxg6 Bxf4 16. Bf5+ Kc7 17. Bxf4+ Kc6 18. c4 Nf6 19. Kf1 Rhe8 20. Bg5 dxc4
21. Bxf6 gxf6 22. Rxc4 Rd2 23. Re4 Red8 24. Bxh7 Rxb2 25. Re2 Rb5 26. Bc2 Ra5
27. h4 c4 28. h5 f5 29. h6 Rxa2 30. Be4+ fxe4 31. Rxa2 exf3 32. Ke1 b5 33. h7
Rh8 34. Kd2 b4 35. Ra5 f6 36. Rhh5 b3 37. Kc3 Rb8 38. h8=Q 1-0

[Event "Druzynowe Mistrzostwa Polski - II liga"]
[Site "Sypniewo k. Jastrowia"]
[Date "1899-12-30"]
[Round "3.92"]
[White "Wojtkowski, Pawel"]
[Black "Budnik, Mateusz"]
[Result "1/2-1/2"]
[WhiteTitle "I+"]
[BlackTitle "k"]
[WhiteElo "1850"]
[BlackElo "2008"]

1. g3 d5 2. c4 Nf6 3. cxd5 Nxd5 4. Bg2 e6 5. d4 Nc6 6. e4 Nb6 7. Ne2 Be7 8. O-O
O-O 9. Nbc3 Bf6 10. e5 Be7 11. h4 Nb4 12. Ne4 Bd7 13. a3 N4d5 14. Bg5 Bc6 15.
Rc1 h6 16. Bxe7 Qxe7 17. Qd2 Rfd8 18. f4 Bb5 19. b3 Qxa3 20. Rc5 Bxe2 21. Qxe2
Qxb3 22. Rf3 Qb4 23. Qd1 Qa4 24. Qd2 a5 25. f5 Qb4 26. Qd1 exf5 27. Rxf5 Ne3 28.
Qf3 Nxf5 29. Qxf5 Qxd4+ 30. Kh2 Qd7 31. Qf4 Qe7 32. Nf6+ gxf6 33. exf6 Qf8 34.
Be4 Nd5 35. Bxd5 Ra6 36. Be4 Qxc5 37. Qxh6 Qf2+ 38. Kh3 Qf1+ 39. Kg4 Qe2+ 40.
Kh3 Qf1+ 41. Kg4 Qd1+ 42. Kh3 Qd7+ 43. g4 Rxf6 44. Bh7+ Kh8 45. Bg6+ Kg8 46. Bh7+
Kh8 47. Bg6+ 1/2-1/2

[Event "Druzynowe Mistrzostwa Polski - II liga"]
[Site "Sypniewo k. Jastrowia"]
[Date "1899-12-30"]
[Round "3.93"]
[White "Celinski, Kamil"]
[Black "Janicki, Rafal"]
[Result "1-0"]
[WhiteTitle "I++"]
[BlackTitle "I+"]
[WhiteElo "2025"]
[BlackElo "1819"]

1. d4 f5 2. Bf4 Nf6 3. e3 g6 4. h4 Bg7 5. h5 d6 6. h6 Bf8 7. Nf3 e6 8. Bd3 Be7
9. Nbd2 Nbd7 10. Qe2 Nd5 11. O-O-O c5 12. Kb1 O-O 13. Bg3 Nb4 14. Nc4 d5 15. dxc5
Nxc5 16. Nce5 Qa5 17. a3 Na4 18. Qd2 Qb6 19. Ka1 Nxb2 20. Rb1 N2xd3 21. Nxd3 a5
22. axb4 axb4+ 23. Kb2 Bd7 24. Kc1 b3 25. Rxb3 Qa6 26. Kd1 Ba4 27. Rb1 Rfc8 28.
Nd4 Rc4 29. Ne5 Bb4 30. Rxb4 Rxb4 31. Qxb4 Bb5 32. Nxb5 Qa1+ 33. Ke2 Qxh1 34.
Qe7 Qxh6 35. Qxe6+ Kg7 36. Nd7 Qh5+ 37. f3 Qh1 38. Qe7+ Kh6 39. Bf4+ 1-0

[Event "Druzynowe Mistrzostwa Polski - II liga"]
[Site "Sypniewo k. Jastrowia"]
[Date "1899-12-30"]
[Round "3.94"]
[White "Skrzypczak, Michal"]
[Black "Kaminski, Jan"]
[Result "1/2-1/2"]
[WhiteTitle "I++"]
[BlackTitle "I++"]
[WhiteElo "1865"]
[BlackElo "1955"]

1. d4 Nf6 2. c4 e6 3. Nf3 b6 4. Nc3 Bb4 5. a3 Bxc3+ 6. bxc3 Nc6 7. e3 Ba6 8. Bd3
Na5 9. Qe2 d6 10. Rb1 Qe7 11. O-O O-O 12. Nd2 e5 13. e4 Rfe8 14. Re1 Nd7 15. Nf1
c6 16. Ne3 Qf6 17. Qg4 Nf8 18. h4 g6 19. d5 Rac8 20. dxc6 Rxc6 21. Nd5 Qe6 22.
Qg5 Nd7 23. Be2 f6 24. Qg3 Nc5 25. Bg4 Qf7 26. Qf3 Kg7 27. h5 Rf8 28. Qh3 g5 29.
h6+ Kh8 30. Bh5 Qe6 31. Qxe6 Nxe6 32. Nb4 Bxc4 33. Nxc6 Nxc6 34. Rd1 Rd8 35. Be3
Nf4 36. Bg4 Be2 37. Bf3 Bxf3 38. gxf3 Ne2+ 39. Kg2 Nxc3 40. Rbc1 Nxd1 41. Rxc6
Nxe3+ 42. fxe3 Kg8 43. Rc7 Ra8 44. Rg7+ Kh8 45. Rb7 Kg8 46. Kg3 a5 47. Kg4 b5
48. Kf5 b4 49. axb4 a4 50. Rg7+ Kh8 51. Rc7 a3 52. Rc1 Kg8 53. Kxf6 Rf8+ 54. Kxg5
Rxf3 55. Ra1 Rxe3 56. b5 Kf7 57. b6 Rg3+ 58. Kf5 Rf3+ 59. Kg4 Rb3 60. Kg5 Rg3+
61. Kh4 Rb3 62. Kg5 Ke6 63. b7 Rxb7 64. Rxa3 Rb1 65. Ra7 Rg1+ 66. Kh5 Rh1+ 67.
Kg5 Rg1+ 68. Kh4 Rh1+ 1/2-1/2

[Event "Druzynowe Mistrzostwa Polski - II liga"]
[Site "Sypniewo k. Jastrowia"]
[Date "1899-12-30"]
[Round "3.95"]
[White "Podgorski, Maciej"]
[Black "Wlodarczak, Damian"]
[Result "0-1"]
[WhiteTitle "I++"]
[BlackTitle "I"]
[WhiteElo "1980"]
[BlackElo "1820"]

1. e4 d5 2. exd5 Qxd5 3. Nc3 Qa5 4. b4 Qxb4 5. Rb1 Qd6 6. Nf3 Nf6 7. d4 c6 8. Bc4
g6 9. Ng5 e6 10. Nge4 Nxe4 11. Nxe4 Qd8 12. Bg5 Be7 13. h4 b6 14. Qf3 f5 15. Bxe7
Qxe7 16. Ng3 O-O 17. h5 Kg7 18. hxg6 hxg6 19. Ne2 Ba6 20. Bxa6 Nxa6 21. Qxc6 Nb4
22. Qa4 Nd5 23. c4 Nf6 24. O-O Ne4 25. Rbd1 Rh8 26. Rd3 Rh7 27. f3 Rah8 28. fxe4
Rh1+ 29. Kf2 Qh4+ 30. g3 Rxf1+ 31. Kxf1 Qxe4 32. Qd1 Rh2 33. Qd2 Qg2+ 0-1

[Event "Druzynowe Mistrzostwa Polski - II liga"]
[Site "Sypniewo k. Jastrowia"]
[Date "1899-12-30"]
[Round "3.96"]
[White "Stochnialek, Dominika"]
[Black "Rudnik, Anna"]
[Result "1/2-1/2"]
[WhiteTitle "I++"]
[BlackTitle "I++"]
[WhiteElo "1706"]
[BlackElo "1869"]

1. e4 e5 2. Nf3 Nc6 3. Nc3 Nf6 4. d4 exd4 5. Nxd4 Bb4 6. Nxc6 bxc6 7. Bd3 O-O 8.
O-O Bxc3 9. bxc3 d5 10. exd5 cxd5 11. h3 h6 12. Qf3 Rb8 13. Bf4 Be6 14. Rfe1 Kh8
15. Qe3 d4 16. cxd4 Nd5 17. Qe4 f5 18. Qxe6 Nxf4 19. Qe3 Nxd3 20. Qxd3 f4 21.
Re4 Rb2 22. Rae1 Rxa2 23. Re7 Ra1 24. Rxa1 Qxe7 25. Rxa7 Qe1+ 26. Qf1 Qc3 27.
Qd3 1/2-1/2

[Event "Druzynowe Mistrzostwa Polski - II liga"]
[Site "Sypniewo k. Jastrowia"]
[Date "1899-12-30"]
[Round "3.97"]
[White "Dziewonski, Dariusz"]
[Black "Dixa, Oskar"]
[Result "1/2-1/2"]
[WhiteTitle "I++"]
[BlackTitle "k"]
[WhiteElo "2015"]
[BlackElo "1988"]

1. e4 c5 2. Nf3 Nc6 3. d4 cxd4 4. Nxd4 e5 5. Nb5 d6 6. N1c3 a6 7. Na3 b5 8. Nd5
Nge7 9. c4 Nd4 10. Nc2 Bg4 11. f3 Nxc2+ 12. Qxc2 Nxd5 13. cxd5 Bd7 14. Bd3 Be7
15. O-O O-O 16. Be3 Rc8 17. Qe2 Bg5 18. Rfc1 Rxc1+ 19. Rxc1 Bxe3+ 20. Qxe3 Qb8
21. Kf2 f6 22. b4 Rc8 1/2-1/2

[Event "Druzynowe Mistrzostwa Polski - II liga"]
[Site "Sypniewo k. Jastrowia"]
[Date "1899-12-30"]
[Round "3.98"]
[White "Janiszewski, Filip"]
[Black "Maj, Samuel"]
[Result "0-1"]
[WhiteTitle "I++"]
[BlackTitle "I"]
[WhiteElo "1983"]
[BlackElo "1839"]

1. e4 c5 2. Nf3 e6 3. d4 cxd4 4. Nxd4 Nf6 5. Bd3 Nc6 6. Nb3 Bb4+ 7. c3 Be7 8. Qe2
d5 9. e5 Nd7 10. f4 Nc5 11. Nxc5 Bxc5 12. b4 Bb6 13. a4 a6 14. a5 Ba7 15. Na3
Bd7 16. Nc2 Qc7 17. Bd2 Rc8 18. Ra3 g6 19. Be3 d4 20. Bf2 dxc3 21. Rxc3 Bxf2+
22. Kxf2 O-O 23. Re1 Qd8 24. Rc4 Qe7 25. Rc1 f6 26. exf6 Rxf6 27. Kg1 Rcf8 28.
Qe3 Qd6 29. g3 e5 30. Rxc6 Qxc6 31. fxe5 Rf3 32. Qe2 Rf2 33. Qxf2 Rxf2 34. Kxf2
Qc3 35. Rd1 Bg4 0-1

[Event "Druzynowe Mistrzostwa Polski - II liga"]
[Site "Sypniewo k. Jastrowia"]
[Date "1899-12-30"]
[Round "3.99"]
[White "Pietrzak, Tomasz"]
[Black "Adamczewski, Jedrzej"]
[Result "1-0"]
[WhiteTitle "I"]
[BlackTitle "I++"]
[WhiteElo "1757"]
[BlackElo "1941"]

1. d4 Nf6 2. c4 g6 3. f3 d6 4. Nc3 Bg7 5. e4 O-O 6. Bg5 c5 7. d5 Qa5 8. Qd2 a6
9. h4 e6 10. Bh6 exd5 11. cxd5 Nbd7 12. h5 b5 13. Bxg7 Kxg7 14. hxg6 fxg6 15.
Qh6+ Kg8 16. g4 Ra7 17. Be2 Ne5 18. Nh3 c4 19. Nf2 Qb6 20. O-O Raf7 21. Kg2 Bd7
22. Qg5 b4 23. Ncd1 Ne8 24. Nh3 c3 25. bxc3 bxc3 26. Qe3 Qd8 27. Nxc3 Qh4 28.
Qg5 Qxg5 29. Nxg5 Rf6 30. Rab1 h6 31. Ne6 Bxe6 32. dxe6 Nc7 33. e7 Re8 34. f4
Nf7 35. Nd5 Nxd5 36. exd5 Rxe7 37. Bxa6 Re4 38. Kg3 Ra4 39. Bc8 Rxa2 40. Be6 Ra3+
41. Rf3 Rxf3+ 42. Kxf3 Kf8 43. Rb8+ Ke7 44. Rb7+ Ke8 45. Bxf7+ Rxf7 46. Rb8+ Ke7
47. Rh8 Kf6 48. Rxh6 Kg7 49. Rh2 Ra7 50. Re2 Kf7 51. Re6 Ra6 52. Kg3 Ra3+ 53.
Kh4 Ra4 54. Kg5 Rb4 55. Rxd6 Rd4 56. Rxg6 Rxf4 57. Kxf4 Kxg6 58. Ke4 1-0

[Event "Druzynowe Mistrzostwa Polski - II liga"]
[Site "Sypniewo k. Jastrowia"]
[Date "1899-12-30"]
[Round "3.100"]
[White "Geraschenko, Dmitry"]
[Black "Piwowarczyk, Bartlomiej"]
[Result "1/2-1/2"]
[WhiteTitle "II+"]
[BlackTitle "I++"]
[WhiteElo "1851"]
[BlackElo "1884"]

1. e4 c5 2. Nc3 e6 3. g3 Nc6 4. Bg2 Nf6 5. Nh3 Be7 6. O-O O-O 7. d3 d5 8. exd5
exd5 9. Nf4 d4 10. Ncd5 Nxd5 11. Nxd5 Be6 12. Nf4 Qd7 13. Nxe6 Qxe6 14. Bd2 Rad8
15. Re1 Qd7 16. a3 Rfe8 17. Qf3 Bf6 18. h4 Rb8 19. Qh5 Re5 20. Qf3 Rbe8 21. Kf1
Nd8 22. Bf4 Rxe1+ 23. Rxe1 Rxe1+ 24. Kxe1 Qe7+ 25. Kd2 Be5 26. Qe4 Bxf4+ 27. Qxf4
g6 28. Qb8 b6 29. Bd5 Kg7 30. Qf4 Qf6 31. Qxf6+ Kxf6 32. f4 Ne6 33. Ke2 Nc7 34.
Bc6 Ke6 35. Kf3 Kd6 36. Ba4 Nd5 37. Bb3 f6 38. g4 h6 39. g5 fxg5 40. fxg5 hxg5
41. hxg5 Ke5 42. Bxd5 Kxd5 43. Kf4 b5 44. b3 c4 45. bxc4+ bxc4 46. a4 a5 47. Kf3
cxd3 48. cxd3 Ke5 49. Kg4 Ke6 50. Kf4 Kd5 51. Kf3 Ke5 52. Kg4 Ke6 53. Kf3 Ke5
54. Kg4 Ke6 55. Kf4 Kd5 1/2-1/2